How Deep Is Your Love - Calvin Harris lyrics - Statistics

General Stats
  • This quiz has been taken 295 times
  • The average score is 80 of 110
Answer Stats
Answer % Correct
i
100%
you
100%
deep
98%
how
98%
is
98%
love
98%
your
98%
it
85%
the
84%
me
83%
like
82%
ocean
81%
to
68%
harder
63%
want
62%
no
59%
in
58%
hit
57%
let
57%
be
56%
devotion
56%
body
53%
nirvana
52%
tell
52%
are
48%
and
45%
air
44%
closer
44%
fear
44%
freely
43%
breathe
42%
again
41%
pull
41%
so
41%
am
36%
what
36%
on
35%
can
34%
my
34%
all
33%
secrets
33%
who
32%
roam
31%
sin
31%
go
29%
inhibition
29%
eyes
27%
up
27%
open
24%
deeper
21%
we
20%
No matching quizzes found
Score Distribution
Percent of People with Each Score
Percentile by Number Answered
Your Score History
You have not taken this quiz